000 00529cam a2200181 a 4500
001 000008463
005 20200929161339.0
008 840620s1983 cu 001 0 spa
040 _aDO-SdBNP
_bspa
_cBNPHU
082 _aCu863.44
_bC335b
100 1 _aCasasayas Comas, Carlos M.,
_d1923-
_922766
245 1 4 _aLos biografiados /
_cCarlos Casasayas Comas.
260 _aLa Habana :
_bLetras Cubanas,
_c1983.
300 _a241 p. ;
_c18 cm.
490 1 _aEspiral
650 4 _aNovela cubana
_92316
650 4 _aLiteratura cubana
_91483
999 _c8234
_d8234